Statistics for Saved By The Bell Opening Theme Lyrics

Click here to take the quiz!

General Stats

  • This quiz has been taken 19 times
  • The average score is 75 of 125

Answer Stats

Answer% Correct
I
100%
In
100%
in
100%
the
100%
be
93%
bell
93%
by
93%
By
93%
saved
93%
a
87%
it
87%
When
87%
up
80%
wake
80%
alright
73%
coz
73%
I'm
73%
morning
73%
It's
67%
it's
67%
on
67%
time
67%
and
60%
all
47%
at
47%
bus
47%
make
47%
my
47%
alarm
40%
don't
40%
give
40%
teacher
40%
think
40%
to
40%
fly
33%
I'll
33%
mess
33%
ate
27%
dog
27%
just
27%
know
27%
last
27%
look
27%
see
27%
test
27%
will
27%
ever
20%
gives
20%
homework
20%
if
20%
myself
20%
night
20%
out
20%
pops
20%
warning
20%
books
13%
can
13%
chair
13%
corner
13%
coz
13%
hand
13%
She
13%
that
13%
grab
7%
low
7%
Riding
7%
there
7%
tomorrow
7%
won't
7%

Score Distribution

Percentile by Number Answered

Percent of People with Each Score

Your Score History

You have not taken this quiz